Statistics for NFL Players you didn't know played for the Bills

Click here to take the quiz!

General Stats

  • This quiz has been taken 11 times
  • The average score is 6 of 11

Answer Stats

Pos.Known ForPlayer% Correct
WRSFF, DAL, and PHITerrell Owens
90%
RBSFFFrank Gore
80%
RBSEAMarshawn Lynch
70%
WRDENEmmanuel Sanders
60%
RBNOSReggie Bush
60%
CBNEPStephon Gilmore
60%
WRNEPChris Hogan
40%
OTPHIJason Peters
40%
DEHOUMario Williams
40%
WRMINPercy Harvin
30%
WRARIAnquan Boldin
20%

Score Distribution

Percentile by Number Answered

Percent of People with Each Score

Your Score History

You have not taken this quiz